000 01034cam a22003497a 4500
003 CHAP
005 20220817043120.0
008 971013s1987 r 00010 d
010 _a66167
011 _a67139
035 _a76609
040 _cCHAP
082 _a333.32096
_bF3f
110 _aFAO
245 1 3 _aLa réforme du droit de la terre daus certains pays d'Afrique franco phone
260 _aRome :
_bFAO,
_c1987
300 _a108 p.
410 _aFAO
490 0 _aEstudios legislativos
_v;44
590 _aBATCH-UPD
_b10
_c20130110
_lUCH01
_h0159
590 _aBATCH-UPD
_b10
_c20130110
_lUCH01
_h0951
590 _aCONVERSION
_b10
_c20130109
_lUCH01
_h1336
650 1 4 _aReforma agraria
_xAfrica.
_995518
650 1 4 _aTierras
_xTenencia
_xAfrica.
_9113131
650 1 4 _aTierras
_xTenencia
_xLeyes.
_9113179
700 0 _aLe Roy, Etienne.
_965251
810 0 _aFAO
830 0 0 _aEstudios legislativos
_v;44
_938550
901 _aBK
942 _cLIBRO
949 _a333.32096 F3f
_bBC
_cFAO
_d-29464
_eFAO1
_h74506
_i76609
_si
999 _c66167
_d66167